| 000 | 01249cam a2200313 a 4500 | ||
|---|---|---|---|
| 001 | 496409 | ||
| 003 | ARRUPE | ||
| 005 | 20160929113509.0 | ||
| 008 | 841126s1983 sz b i000 0 eng | ||
| 010 | _a 84980888 | ||
| 020 | _cSh35.00 | ||
| 040 |
_aDLC _cDLC _dOCoLC _dDLC |
||
| 043 | _af------ | ||
| 050 | 0 | 0 |
_aBT202 _b.A33 1983 |
| 082 | 0 | 0 |
_a276/.0828 _219 |
| 245 | 0 | 3 |
_aAn African call for life : _bcontribution to the World Council of Churches sixth assembly theme "Jesus Christ, the life of the world" / _cedited, Masamba ma Mpolo, Reginald Stober, Evelyn V. Appiah. |
| 260 |
_aGeneva : _bWorld Council of Churches ; _aNairobi : _bUzima Press, _cc1983. |
||
| 300 |
_axx, 152 p. ; _c21 cm. |
||
| 504 | _aBibliography: p. 145-148. | ||
| 600 | 0 | 0 |
_aJesus Christ _xPerson and offices. _926216 |
| 610 | 2 | 0 |
_aWorld Council of Churches. _bAssembly _n(6th : _d1983 : _cVancouver, B.C.) _926217 |
| 650 | 0 |
_aChristianity _zAfrica. _926218 |
|
| 700 | 0 |
_aMasamba ma Mpolo. _926219 _4ed. |
|
| 700 | 1 |
_aStober, Reginald. _926220 _eed. |
|
| 700 | 1 |
_aAppiah, Evelyn V. _926221 _eed. |
|
| 710 | 2 |
_aWorld Council of Churches. _bAssembly _n(6th : _d1983 : _cVancouver, B.C.) _926217 |
|
| 906 |
_a7 _bcbc _corignew _d3 _encip _f19 _gy-gencatlg |
||
| 942 |
_2lcc _cMONOGRAPH |
||
| 999 |
_c125356 _d125356 |
||